Every Premier League Goalscorer (2024/25) - Statistics

General Stats
  • This quiz has been taken 88 times
  • The average score is 163 of 271
Answer Stats
Answer % Correct
Kai Havertz
98%
Martin Ødegaard
98%
William Saliba
98%
Bukayo Saka
96%
Gabriel Magalhães
96%
Gabriel Martinelli
96%
Declan Rice
94%
Leandro Trossard
94%
Mikel Merino
94%
Ollie Watkins
94%
Thomas Partey
94%
Bruno Fernandes
92%
Kieran Tierney
92%
Bryan Mbeumo
90%
Cole Palmer
90%
Jakub Kiwior
90%
Jhon Durán
90%
Justin Kluivert
90%
Luis Díaz
90%
Erling Haaland
88%
João Pedro
88%
Nicolas Jackson
88%
Yoane Wissa
88%
Gabriel Jesus
87%
Kaoru Mitoma
87%
Morgan Gibbs-White
87%
Antoine Semenyo
85%
Bernardo Silva
85%
Eberechi Eze
85%
Enzo Fernández
85%
Evanilson
85%
Ismaïla Sarr
85%
Jamie Vardy
85%
Jean-Philippe Mateta
85%
John McGinn
85%
Jurriën Timber
85%
Kevin De Bruyne
85%
Mohamed Salah
85%
Morgan Rogers
85%
Raúl Jiménez
85%
Alexander Isak
83%
Pape Matar Sarr
83%
Riccardo Calafiori
83%
Cody Gakpo
81%
Diogo Jota
81%
Omar Marmoush
81%
Trent Alexander-Arnold
81%
Youri Tielemans
81%
Alexis Mac Allister
79%
Alex Iwobi
79%
Anthony Gordon
79%
Christian Nørgaard
79%
Daniel Muñoz
79%
Danny Welbeck
79%
Dominik Szoboszlai
79%
Jarrod Bowen
79%
Jérémy Doku
79%
Joško Gvardiol
79%
Jota Silva
79%
Marc Cucurella
79%
Marcus Rashford
79%
Miloš Kerkez
79%
Myles Lewis-Skelly
79%
Phil Foden
79%
Tomáš Souček
79%
Bruno Guimarães
77%
Curtis Jones
77%
Fabian Schär
77%
Ibrahima Konaté
77%
Leon Bailey
77%
Liam Delap
77%
Mateo Kovačić
77%
Moisés Caicedo
77%
Pedro Neto
77%
Sandro Tonali
77%
Virgil van Dijk
77%
Amad Diallo
75%
Chris Wood
75%
Darwin Núñez
75%
Matty Cash
75%
Rasmus Højlund
75%
Alejandro Garnacho
73%
Dean Huijsen
73%
Emile Smith Rowe
73%
Ethan Nwaneri
73%
Ezri Konsa
73%
Harry Wilson
73%
Iliman Ndiaye
73%
Noni Madueke
73%
Amadou Onana
71%
Beto
71%
İlkay Gündoğan
71%
Kevin Schade
71%
Michail Antonio
71%
Anthony Elanga
69%
Brennan Johnson
69%
Harvey Barnes
69%
Jack Grealish
69%
Joelinton
69%
Keane Lewis-Potter
69%
Marco Asensio
69%
Reece James
69%
Rico Lewis
69%
Son Heung-min
69%
Ben Johnson
67%
Carlos Baleba
67%
Harry Maguire
67%
Marc Guéhi
67%
Matheus Cunha
67%
Mikkel Damsgaard
67%
Jacob Murphy
65%
Joshua Zirkzee
65%
Manuel Ugarte
65%
Mohammed Kudus
65%
Rodrigo Muniz
65%
Savinho
65%
Yankuba Minteh
65%
Abdoulaye Doucouré
63%
Axel Disasi
63%
Dango Ouattara
63%
David Brooks
63%
Dominic Calvert-Lewin
63%
Dominic Solanke
63%
Eddie Nketiah
63%
John Stones
63%
Lisandro Martínez
63%
Lucas Paquetá
63%
Niclas Füllkrug
63%
Vitaliy Mykolenko
63%
Dejan Kulusevski
62%
James Maddison
62%
James McAtee
62%
Jørgen Strand Larsen
62%
Julio Enciso
62%
Richarlison
62%
Tariq Lamptey
62%
Adama Traoré
60%
Christian Eriksen
60%
Dan Burn
60%
Donyell Malen
60%
Enes Ünal
60%
Evan Ferguson
60%
Harvey Elliott
60%
Ian Maatsen
60%
James Tarkowski
60%
Matheus Nunes
60%
Nathan Collins
60%
Pervis Estupiñán
60%
Tom Cairney
60%
Casemiro
58%
Dwight McNeil
58%
Ethan Pinnock
58%
Facundo Buonanotte
58%
Jacob Ramsey
58%
Jordan Ayew
58%
Levi Colwill
58%
Matthijs de Ligt
58%
Chris Richards
56%
Ryan Christie
56%
Simon Adingra
56%
Callum Hudson-Odoi
54%
Calvin Bassey
54%
Cristian Romero
54%
Georginio Rutter
54%
Hwang Hee-chan
54%
Lewis Cook
54%
Mateus Fernandes
54%
Michael Keane
54%
Nico González
54%
Nikola Milenković
54%
Patson Daka
54%
Pedro Porro
54%
Rodrigo Bentancur
54%
Vitaly Janelt
54%
Boubacar Kamara
52%
Jadon Sancho
52%
Jan Paul van Hecke
52%
Luis Sinisterra
52%
Marcus Tavernier
52%
Murillo
52%
Neco Williams
52%
Yves Bissouma
52%
Andreas Pereira
50%
Elliot Anderson
50%
Fábio Carvalho
50%
Jack Hinshelwood
50%
James Ward-Prowse
50%
Mason Mount
50%
Wout Faes
50%
Christopher Nkunku
48%
João Félix
48%
Rayan Aït-Nouri
48%
Ferdi Kadıoğlu
46%
Jan Bednarek
46%
Maxence Lacroix
46%
Ola Aina
46%
Paul Onuachu
46%
Tyler Dibling
46%
Bilal El Khannouss
44%
Nico O'Reilly
44%
Omari Hutchinson
44%
Taiwo Awoniyi
44%
Ben Chilwell
42%
Carlos Alcaraz
42%
Jack Harrison
42%
Leif Davis
42%
Lewis Miley
42%
Ross Barkley
42%
Sam Morsy
42%
Tosin Adarabioyo
42%
Trevoh Chalobah
42%
Yasin Ayari
42%
Bobby De Cordova-Reid
40%
Crysencio Summerville
40%
Daniel Jebbison
40%
Matt O'Riley
40%
Sammie Szmodics
40%
William Osula
40%
Adam Armstrong
38%
Emerson Palmieri
38%
Jake O'Brien
38%
João Gomes
38%
Mario Lemina
38%
Rodrigo Gomes
38%
Tyrique George
38%
Yukinari Sugawara
38%
Carlos Soler
37%
Diego Gómez
37%
Joe Aribo
37%
Matheus França
37%
Mathys Tel
37%
Matt Doherty
37%
Pablo Sarabia
37%
Brajan Gruda
35%
Caleb Okoli
35%
Kamaldeen Sulemana
35%
Mats Wieffer
35%
Stephy Mavididi
35%
Aaron Wan-Bissaka
33%
James Justin
33%
Reiss Nelson
33%
Ryan Sessegnon
33%
Ryan Yates
33%
Ashley Young
31%
Cameron Archer
31%
Jens Cajuste
31%
Orel Mangala
31%
Taylor Harwood-Bellis
31%
Wilson Odobert
31%
Conor Coady
29%
Jean-Ricner Bellegarde
29%
Marshall Munetsi
29%
Danny Ings
27%
Jack Stephens
27%
Djed Spence
25%
George Hirst
25%
Gonçalo Guedes
25%
Jacob Greaves
25%
Jaden Philogene
25%
Justin Devenny
25%
Nathan Broadhead
25%
Conor Chaplin
23%
Emmanuel Agbadou
23%
Kasey McAteer
23%
Romain Esse
23%
Will Smallbone
23%
Lesley Ugochukwu
21%
Ramón Sosa
19%
Ross Stewart
19%
Flynn Downes
15%
Jack Taylor
15%
No matching quizzes found
Score Distribution
Percent of People with Each Score
Percentile by Number Answered
Your Score History
You have not taken this quiz